Country Names That Are Used For Another Thing - Statistics

General Stats
  • This quiz has been taken 617 times
    586 since last reset
  • The average score is 8 of 15
Answer Stats
Hint Answer % Correct
Thanksgiving Food Turkey
92%
Contains -Korea North Korea
88%
Contains -Korea South Korea
88%
'Lizarb' backwards :P Brazil
87%
Opposite From West Timor East Timor
82%
Begins With 'Z' Zimbabwe
79%
Begins With 'Z' Zambia
75%
World's Smallest Country Vatican City
67%
Contains The Name Of The Continent It's In South Africa
47%
Glass Cups,Knives,etc. China
26%
A Bacteria name without the -any Germany
24%
Mexican Food Chile
23%
Has A Popular Name In The Country Without The -ia Russia
13%
American Name Chad
12%
Longest Country Name In The World (May Use The Abbreviation.) The Former Yugoslav Republic of Macedonia
9%
No matching quizzes found
Score Distribution
Percent of People with Each Score
Percentile by Number Answered
Your Score History
You have not taken this quiz since the last reset